| 000 | 00536nam a22001937a 4500 | ||
|---|---|---|---|
| 003 | dpl | ||
| 005 | 20180726120845.0 | ||
| 008 | 180726b xxu||||| |||| 00| 0 eng d | ||
| 020 |
_a8176489108 _c700.00 |
||
| 035 | _aB-158646 | ||
| 040 |
_aDPL _bEN _c0 |
||
| 082 | _a370.1 | ||
| 100 | _aSharma, Promila | ||
| 245 |
_aThe aims of education/ _cby Promila Sharma |
||
| 260 |
_aNew Delhi _bAPH Publishing Corporation _c2005 |
||
| 300 |
_a339p; _c23cm.(hbk) |
||
| 500 | _aincludes index | ||
| 942 |
_2ddc _cEN _h370.1 _mSHA |
||
| 999 |
_c154866 _d154866 |
||